| 000 | 00680nam a2200193 4500 | ||
|---|---|---|---|
| 003 | LK-CoMWRAF | ||
| 005 | 20231212231846.0 | ||
| 008 | 231212b |||||||| |||| 00| 0 eng d | ||
| 020 | _a9789558978146 | ||
| 040 |
_aLK-CoMWRAF _dLK-CoMWRAF _eLK-CoMWRAF |
||
| 041 | _asin | ||
| 082 |
_a297 _bMOW |
||
| 100 | _aමෞදූදි. මෞලානා සය්යිද් අබුල් අ:ලා | ||
| 245 | _aඉස්ලාමයේ පණිවිඩය | ||
| 246 | _aislamaye paniwidaya | ||
| 260 |
_aකොළඹ : _bහිරා තොරතුරු මධ්යස්ථානය _c2000 |
||
| 650 | _aඉස්ලාම් ඉගැන්වීම් | ||
| 942 | _cBK | ||
| 999 |
_c4372 _d4372 |
||